000 00784nam a2200253 4500
001 72279
003 BD-RjUL
005 20211209082236.0
008 170516s1961 nyua b 001 0 eng d
035 _a(BD-RjUL)72496
040 _aDLC
_cDLC
_dUKM
_dBD-RjUL
_beng
041 _aeng
082 _a577.6
_223
_bREE 1961
100 1 _aReid, George Kell.
_9213720
245 1 0 _aEcology of inland waters and estuaries /
_cGeorge Kell Reid
260 _aNew York :
_bReinhold,
_c1961
300 _aXI, 375 p. :
_bill. ;
_c24 cm.
490 1 _aReinhold books in the biological sciences
504 _aIncludes bibliography and Index
650 _2Freshwater ecology
650 _aAquatic ecology
_9156684
830 0 _aReinhold books in the biological sciences
_9213723
942 _2ddc
_cBK
999 _c72279
_d72279